[Event "IV Torneo Internacional Ciudad de La Lag"]
[Site "Casino de La Laguna. C/ Nava y"]
[Date "2010.04.07"]
[Round "4"]
[White "Arnaiz Yanes, Miguel Angel"]
[Black "Garcia Cruz, Francisco"]
[Result "1-0"]
[WhiteElo "1995"]
[BlackElo "1726"]
[PlyCount "185"]
[EventDate "2010.04.05"]

1. d4 d5 2. Nf3 Nf6 3. Bg5 e6 4. e3 Be7 5. Bd3 b6 6. O-O Ba6 7. Bxa6 Nxa6 8.
Nbd2 c5 9. c3 O-O 10. Ne5 Rc8 11. Qa4 Nb8 12. Qxa7 Nc6 13. Nxc6 Rxc6 14. Nf3
Rc8 15. Qa4 Qc7 16. Ne5 h6 17. Bf4 Bd6 18. h3 Rfd8 19. Qd1 Nd7 20. Qh5 Nxe5 21.
dxe5 Bf8 22. Rfd1 Rd7 23. Rd2 g6 24. Qg4 Kh7 25. Rad1 Bg7 26. e4 Bxe5 27. Bxe5
Qxe5 28. exd5 Rcd8 29. Re2 Qd6 30. c4 f5 31. Qf3 e5 32. Qc3 Re7 33. Rde1 Rde8
34. a3 b5 35. b3 bxc4 36. bxc4 e4 37. f3 exf3 38. Qxf3 Qf6 39. Rxe7+ Rxe7 40.
Rd1 Re4 41. d6 Kg7 42. Qb3 Rd4 43. Qb7+ Qf7 44. Qxf7+ Kxf7 45. Rxd4 cxd4 46. c5
d3 47. Kf2 f4 48. Ke1 g5 49. a4 h5 50. a5 g4 51. a6 f3 52. gxf3 gxh3 53. a7 h2
54. a8=Q h1=Q+ 55. Kd2 Qg2+ 56. Kxd3 Qf1+ 57. Kd4 Qg1+ 58. Kc4 Qf1+ 59. Kb4
Qb1+ 60. Kc4 Qf1+ 61. Kd4 Qf2+ 62. Ke4 Qc2+ 63. Kf4 Qd2+ 64. Kf5 Qc2+ 65. Qe4
Qxc5+ 66. Qe5 Qc2+ 67. Kg5 Qd2+ 68. Kxh5 Qd3 69. Qe7+ Kg8 70. Qe8+ Kg7 71. Qe7+
Kg8 72. Qe6+ Kg7 73. Qe5+ Kg8 74. Kh6 Qd2+ 75. Kg6 Qg2+ 76. Kh6 Qd2+ 77. Kh5
Qd3 78. Qe6+ Kg7 79. Qg4+ Kf8 80. d7 Qh7+ 81. Kg5 Qe7+ 82. Kf4 Qd6+ 83. Ke3
Qe7+ 84. Kf2 Qc5+ 85. Kg2 Qc2+ 86. Kg3 Qc7+ 87. Qf4+ Qxf4+ 88. Kxf4 Ke7 89. Kf5
Kxd7 90. Kf6 Ke8 91. f4 Kf8 92. f5 Ke8 93. Kg7 1-0

[Event "IV Torneo Internacional Ciudad de La Lag"]
[Site "Casino de La Laguna. C/ Nava y"]
[Date "2010.04.07"]
[Round "4"]
[White "Garcia Rodriguez, Pedro Leopold"]
[Black "Cabrera Hernandez, Saul"]
[Result "1-0"]
[WhiteElo "1959"]
[BlackElo "1672"]
[PlyCount "68"]
[EventDate "2010.04.05"]

1. c4 Nf6 2. Nc3 g6 3. e4 d6 4. d4 Bg7 5. Be2 O-O 6. Nf3 c5 7. d5 Na6 8. O-O
Nc7 9. a4 Na6 10. Ne1 Nb4 11. f4 a6 12. Be3 Qc7 13. h3 Rb8 14. Nd3 Bd7 15. a5
b5 16. axb6 Rxb6 17. e5 Ne8 18. Nxb4 Rxb4 19. Qd2 Qb7 20. Ra2 Nc7 21. Ne4 Qb6
22. g4 Rb8 23. Rb1 Ba4 24. Qc1 Bf8 25. Bd2 Bb3 26. Ra3 Ra4 27. Rxa4 Bxa4 28.
Bc3 Bb3 29. Bd3 a5 30. Qe3 Ra8 31. h4 Na6 32. exd6 exd6 33. Nf6+ Kh8 34. Nd7+
Bg7 1-0

[Event "IV Torneo Internacional Ciudad de La Lag"]
[Site "Casino de La Laguna. C/ Nava y"]
[Date "2010.04.07"]
[Round "4"]
[White "Guerra Arrocha, Daniel"]
[Black "Kraus, Oliver"]
[Result "0-1"]
[WhiteElo "1625"]
[BlackElo "2104"]
[PlyCount "86"]
[EventDate "2010.04.05"]

1. e4 c6 2. d4 d5 3. Nc3 dxe4 4. Nxe4 Bf5 5. Ng3 Bg6 6. h4 h6 7. h5 Bh7 8. Nf3
e6 9. Bd3 Bxd3 10. Qxd3 Nd7 11. Be3 Bb4+ 12. c3 Be7 13. O-O-O Ngf6 14. Kb1 Qc7
15. Ne4 O-O-O 16. Nxf6 Nxf6 17. Ne5 Bd6 18. Bf4 Kb8 19. c4 Ka8 20. Qc2 c5 21.
Qe2 cxd4 22. Rxd4 Bxe5 23. Bxe5 Qc6 24. Bxf6 gxf6 25. Rxd8+ Rxd8 26. Rd1 Rc8
27. f3 a6 28. b3 Qc5 29. Qb2 Qf5+ 30. Ka1 e5 31. Qd2 Qxh5 32. Qd7 Rc6 33. b4
Qg5 34. b5 axb5 35. Qd8+ Ka7 36. Qa5+ Ra6 37. Qxb5 Qe3 38. Rb1 Qb6 39. Qxb6+
Rxb6 40. Rxb6 Kxb6 41. Kb2 Kc5 42. Kc3 h5 43. a3 f5 0-1

[Event "IV Torneo Internacional Ciudad de La Lag"]
[Site "Casino de La Laguna. C/ Nava y"]
[Date "2010.04.07"]
[Round "4"]
[White "Molina Rodriguez, Borja"]
[Black "Rincon Martin, Santiago"]
[Result "1-0"]
[WhiteElo "1941"]
[BlackElo "1736"]
[PlyCount "57"]
[EventDate "2010.04.05"]

1. e4 c6 2. d4 d5 3. Nc3 dxe4 4. Nxe4 Bf5 5. Ng3 Bg6 6. h4 h6 7. Nf3 Nd7 8. h5
Bh7 9. Bd3 Bxd3 10. Qxd3 Ngf6 11. Bf4 e6 12. O-O-O Nd5 13. Bd2 Qc7 14. c4 N5f6
15. Qe2 O-O-O 16. Ne5 Nxe5 17. dxe5 Nd7 18. f4 c5 19. Be3 Be7 20. Ne4 Nb8 21.
Qg4 Qc6 22. Nd6+ Bxd6 23. exd6 Rxd6 24. Rxd6 Qxd6 25. Rd1 f5 26. Rxd6 fxg4 27.
Rxe6 Rf8 28. Bxc5 Rxf4 29. Re8+ 1-0

[Event "IV Torneo Internacional Ciudad de La Lag"]
[Site "Casino de La Laguna. C/ Nava y"]
[Date "2010.04.07"]
[Round "4"]
[White "Korneev, Svyatoslav"]
[Black "Darias Darias, Luis"]
[Result "1/2-1/2"]
[WhiteElo "1681"]
[BlackElo "1931"]
[PlyCount "72"]
[EventDate "2010.04.05"]

1. Nf3 Nf6 2. g3 g6 3. Bg2 Bg7 4. O-O O-O 5. d4 d5 6. c3 c6 7. Re1 Ne4 8. Nbd2
f5 9. Nxe4 fxe4 10. Ne5 Nd7 11. f4 Nxe5 12. fxe5 Bf5 13. Be3 Qd7 14. Qb3 Kh8
15. Rf1 Bg4 16. Qc2 Bh3 17. Qd2 Qg4 18. Bxh3 Qxh3 19. Bg5 Rae8 20. Rxf8+ Rxf8
21. Bxe7 Rf7 22. Bg5 h6 23. Be3 Kh7 24. Qe1 g5 25. Bf2 h5 26. Qf1 Qe6 27. Qg2
g4 28. Rf1 Bh6 29. Be1 Be3+ 30. Kh1 c5 31. Rxf7+ Qxf7 32. dxc5 Bxc5 33. c4 Bd4
34. Bc3 Be3 35. cxd5 Qxd5 36. Qf1 Bf2 1/2-1/2

[Event "IV Torneo Internacional Ciudad de La Lag"]
[Site "Casino de La Laguna. C/ Nava y"]
[Date "2010.04.07"]
[Round "4.37"]
[White "Pueyo Marina, Gerardo"]
[Black "Gutierrez Garcia, Julio"]
[Result "1-0"]
[WhiteElo "1905"]
[BlackElo "1655"]
[PlyCount "47"]
[EventDate "2010.04.05"]

1. d4 Nf6 2. c4 c5 3. Nf3 cxd4 4. Nxd4 Nc6 5. Nc3 d6 6. g3 Bd7 7. Bg2 Qb6 8. e3
e6 9. Ndb5 Ne5 10. b3 Bxb5 11. Nxb5 a6 12. Qd4 Qd8 13. Nc3 Nc6 14. Qd3 Be7 15.
O-O Rb8 16. Bb2 O-O 17. Rfd1 Qc7 18. Rac1 Rfd8 19. Qb1 b5 20. Nd5 Qd7 21. Nxf6+
Bxf6 22. Bxf6 gxf6 23. cxb5 axb5 24. Rxc6 1-0

[Event "IV Torneo Internacional Ciudad de La Lag"]
[Site "Casino de La Laguna. C/ Nava y"]
[Date "2010.04.07"]
[Round "4"]
[White "Rodriguez Manzaneda, Irene"]
[Black "Pimienta Sanchez, Manuel"]
[Result "0-1"]
[WhiteElo "1657"]
[BlackElo "1891"]
[PlyCount "66"]
[EventDate "2010.04.05"]

1. e4 c5 2. d3 d6 3. g3 Nf6 4. Bg2 Nc6 5. f4 Bg4 6. Nf3 Nd4 7. O-O Qc8 8. c3
Bxf3 9. Bxf3 Nxf3+ 10. Qxf3 Nd7 11. Be3 g6 12. d4 Bg7 13. Nd2 O-O 14. f5 Qc6
15. Rae1 b6 16. g4 Qb5 17. Rb1 Qa4 18. b3 Qxa2 19. Ra1 Qb2 20. Rfc1 cxd4 21.
Rab1 Qa3 22. Ra1 Qc5 23. cxd4 Qb5 24. Rc7 Nf6 25. Rcxa7 Rxa7 26. Rxa7 Qd3 27.
Rxe7 Nxg4 28. Nc4 Nxe3 29. Nxe3 Bxd4 30. Kf2 Qd2+ 31. Qe2 Bxe3+ 32. Kf1 Qc1+
33. Kg2 Rc8 0-1

[Event "IV Torneo Internacional Ciudad de La Lag"]
[Site "Casino de La Laguna. C/ Nava y"]
[Date "2010.04.07"]
[Round "4"]
[White "Perez Barreto, Adrian"]
[Black "Guardia Bencomo, Tomas"]
[Result "0-1"]
[WhiteElo "1644"]
[BlackElo "1885"]
[PlyCount "66"]
[EventDate "2010.04.05"]

1. d4 c6 2. c4 d5 3. e3 Nf6 4. Nc3 e6 5. Nf3 a6 6. Qc2 Nbd7 7. Bd3 dxc4 8. Bxc4
b5 9. Bd3 Bb7 10. O-O c5 11. Ne4 Rc8 12. Nxf6+ Nxf6 13. Qe2 Bxf3 14. Qxf3 cxd4
15. exd4 Nd5 16. a3 Be7 17. Re1 Bf6 18. Be3 O-O 19. Rac1 Qb6 20. Qh3 g6 21. Rc5
Nxe3 22. Qxe3 Rfd8 23. Rh5 Bxd4 24. Qh6 Bxf2+ 25. Kh1 Rxd3 26. Qxh7+ Kf8 27.
Qh6+ Ke8 28. Qg5 gxh5 29. Qg8+ Ke7 30. Qg5+ Kd7 31. Qf6 Bxe1 32. Qxf7+ Kc6 33.
Qxe6+ Kc7 0-1

[Event "IV Torneo Internacional Ciudad de La Lag"]
[Site "Casino de La Laguna. C/ Nava y"]
[Date "2010.04.07"]
[Round "4"]
[White "Damaso Tacoronte, Carolina"]
[Black "Perez Martin, Nicanor"]
[Result "1-0"]
[WhiteElo "1878"]
[BlackElo "1521"]
[PlyCount "69"]
[EventDate "2010.04.05"]

1. e4 e6 2. d4 d5 3. Nd2 Nf6 4. e5 Nfd7 5. Ngf3 c5 6. c3 Nc6 7. Be2 Qb6 8. Nb3
a5 9. O-O a4 10. Nxc5 Nxc5 11. dxc5 Bxc5 12. Bd3 Bd7 13. Qc2 Qc7 14. Re1 Ne7
15. Bf4 h6 16. Rac1 Nf5 17. Bxf5 exf5 18. Qd2 Be6 19. Be3 Bxe3 20. Qxe3 O-O 21.
Nd4 Qc5 22. a3 Ra6 23. Qf3 g6 24. Nc2 g5 25. Nd4 f4 26. Rcd1 Rb6 27. Re2 Qc8
28. h3 g4 29. Qxf4 gxh3 30. Re3 Bg4 31. Rg3 Rg6 32. f3 Bh5 33. Nf5 Rxg3 34.
Qxg3+ Bg6 35. Ne7+ 1-0

[Event "IV Torneo Internacional Ciudad de La Lag"]
[Site "Casino de La Laguna. C/ Nava y"]
[Date "2010.04.07"]
[Round "4"]
[White "Arana Herrera, Antonio"]
[Black "Ferrera Gonzalez, Carlos"]
[Result "1-0"]
[WhiteElo "1819"]
[BlackElo "1426"]
[PlyCount "107"]
[EventDate "2010.04.05"]

1. e4 d5 2. e5 c5 3. d4 Nc6 4. c3 cxd4 5. cxd4 Qb6 6. Ne2 e6 7. a3 Nge7 8. b4
Nf5 9. Bb2 a5 10. g3 axb4 11. a4 b3 12. Bh3 Bb4+ 13. Kf1 Be7 14. Bxf5 exf5 15.
Nbc3 Be6 16. Nb5 Na5 17. Kg2 Bd7 18. Nec3 Bb4 19. f3 Bxc3 20. Nxc3 Bc6 21. Ba3
Nc4 22. Qd3 b2 23. Ra2 Qb3 24. Bd6 Rxa4 25. Rxa4 Bxa4 26. Re1 g6 27. Re2 b5 28.
Bb4 Qxb4 29. Nxd5 b1=Q 30. Nxb4 Qxb4 31. d5 O-O 32. e6 fxe6 33. dxe6 Re8 34. e7
Rxe7 35. Qd8+ Kf7 36. Qd5+ Kg7 37. Qd4+ Kh6 38. Qh4+ Kg7 39. Rxe7+ Qxe7 40.
Qxe7+ Kg8 41. g4 fxg4 42. fxg4 h6 43. h4 g5 44. h5 Bd1 45. Kg3 Ba4 46. Qe6+ Kg7
47. Qg6+ Kf8 48. Qxh6+ Kf7 49. Qg6+ Ke7 50. Qxg5+ Kf7 51. h6 Nd6 52. Qg7+ Ke6
53. h7 Nf7 54. g5 1-0

[Event "IV Torneo Internacional Ciudad de La Lag"]
[Site "Casino de La Laguna. C/ Nava y"]
[Date "2010.04.07"]
[Round "4"]
[White "Rodriguez Manzaneda, Javier"]
[Black "De La Rubia Ramirez, Dulce N"]
[Result "1/2-1/2"]
[WhiteElo "1547"]
[BlackElo "1778"]
[PlyCount "117"]
[EventDate "2010.04.05"]

1. e4 e6 2. d3 d5 3. Qe2 Nf6 4. g3 Be7 5. Bg2 O-O 6. Nf3 c5 7. O-O Nc6 8. e5
Nd7 9. Bf4 f6 10. exf6 Nxf6 11. Re1 Bd7 12. Bh3 e5 13. Bxd7 Nxd7 14. Bd2 Bd6
15. c4 Qf6 16. Kg2 dxc4 17. dxc4 Rae8 18. Nc3 Nd4 19. Nxd4 exd4 20. Ne4 Qg6 21.
f3 Nf6 22. Nxf6+ Qxf6 23. Qf2 h6 24. a3 d3 25. Bc3 Qf7 26. b3 b5 27. cxb5 Qxb3
28. Qb2 Qxb2+ 29. Bxb2 c4 30. f4 Bc5 31. Kf1 Kf7 32. a4 Bb4 33. Red1 Re2 34.
Bc1 Rfe8 35. Rb1 Re1+ 36. Rxe1 Rxe1+ 37. Kf2 Re2+ 38. Kf1 Bc5 39. Rb2 Re4 40.
Bd2 Ke6 41. Bc3 g6 42. a5 Kd7 43. b6 axb6 44. axb6 Re8 45. b7 Rb8 46. Be5 Bd6
47. Bxd6 Kxd6 48. Ke1 Kd5 49. Kd2 Kd4 50. Rb4 Kc5 51. Rb1 Kc6 52. g4 Rxb7 53.
Rxb7 Kxb7 54. h4 Kc7 55. f5 g5 56. hxg5 hxg5 57. Kc3 Kd6 58. Kd2 Ke5 59. Kc3
1/2-1/2

[Event "IV Torneo Internacional Ciudad de La Lag"]
[Site "Casino de La Laguna. C/ Nava y"]
[Date "2010.04.07"]
[Round "4"]
[White "Suarez Ramirez, Jonay"]
[Black "Navarro Molina, David"]
[Result "0-1"]
[WhiteElo "1456"]
[BlackElo "1967"]
[PlyCount "46"]
[EventDate "2010.04.05"]

1. d4 Nf6 2. Nf3 e6 3. c4 c5 4. Bg5 cxd4 5. Nxd4 Be7 6. Nc3 a6 7. e4 Qc7 8. Bd3
Nc6 9. Nf3 b6 10. O-O Bb7 11. Re1 d6 12. Rc1 Ne5 13. Nxe5 dxe5 14. Qb3 Rb8 15.
Red1 O-O 16. Ne2 Bxe4 17. Bxe4 Nxe4 18. Bxe7 Qxe7 19. Qe3 f5 20. h3 Qc7 21. Ng3
Nc5 22. b4 f4 23. Qf3 fxg3 0-1